100 русских хип-хоп исполнителей - Statistics

General Stats
  • This quiz has been taken 37 times
  • The average score is 7 of 102
Answer Stats
Слушатели за месяц Исполнитель % Correct
797 335 Oxxxymiron
46%
2 402 164 Тимати
43%
142 863 Слава КПСС
43%
254 889 Каста
36%
529 876 Guf
36%
671 496 Noize MC
36%
1 771 247 Pharaoh
36%
2 137 934 Скриптонит
32%
208 037 Смоки Мо
25%
438 850 Кровосток
25%
1 201 264 Face
25%
2 128 048 Miyagi
25%
28 082 Птаха
21%
73 139 Децл
18%
453 463 Каспийский груз
18%
356 732 АК-47
18%
836 608 Boulevard Depo
18%
1 098 246 Мот
14%
593 090 ATL
14%
1 445 114 Feduk
14%
47 294 Карандаш
11%
215 892 25/17
11%
230 111 L’One
11%
134 531 ST
11%
154 476 Многоточие
7%
64 099 Лигалайз
7%
93 107 Словетский
7%
77 569 Schokk
7%
51 984 Ассаи
4%
91 267 Рыночные отношения
4%
61 699 Триада
4%
243 864 Кравц
4%
32 580 Влади
4%
30 812 СД
4%
255 593 Рем Дигга
4%
117 591 Сява
4%
101 371 Нигатив
4%
6 705 Лион
4%
18 243 Саша Скул
4%
Жиган
4%
183 605 Серега
4%
23 034 Bad Balance
4%
103 690 Centr
4%
682 307 Yanix
4%
Кажэ Обойма
0%
15 221 Проект Увечье
0%
Дядя Женя
0%
1 398 Сэт
0%
2 252 Ант
0%
96 189 Грот
0%
Вульгарный Тонн
0%
30 474 Луперкаль
0%
Бледный
0%
Витёк
0%
2 043 Мафон
0%
73 650 Марсель
0%
5 507 Джино
0%
91 718 Отпетые мошенники
0%
11 910 Константа
0%
1 499 Шахматист
0%
62 767 Зануда
0%
2 458 Крип-А-Крип
0%
Ганза
0%
75 895 Типси Тип
0%
Ленина Пакет
0%
Дуня
0%
13 513 Легенды Про
0%
Саграда
0%
Туман
0%
Честер
0%
Северный ветер
0%
Винт
0%
Дабл
0%
316 727 9 Грамм
0%
AL Solo
0%
306 836 Anacondaz
0%
Ar-Side
0%
Aztecs
0%
Babangida
0%
376 442 Bahh Tee
0%
Check
0%
1 389 Dessar
0%
13 946 Dino MC 47
0%
21 591 D.Masta
0%
Drago
0%
4 066 Шеff
0%
Fuze
0%
Gillia
0%
1 103 Ginex
0%
70 246 Jubilee
0%
35 237 Krec
0%
207 552 Loc-Dog
0%
3 242 Maestro A-Sid
0%
3 606 Obe 1 Kanobe
0%
195 682 RAM
0%
RusKey
0%
108 873 Slimus
0%
67 027 St1m
0%
59 144 The Chemodan
0%
165 144 TriaGrutriKa
0%
True Star
0%
UnderWHAT?
0%
No matching quizzes found
Score Distribution
Percent of People with Each Score
Percentile by Number Answered
Your Score History
You have not taken this quiz